MARC

LEADER 00000cam a2200000 7i4500
001 0000026241
005 20151008.0
008 150703 my a may
040 |a INS 
090 0 0 |a VO266 
110 1 |a Kursus kerja awalan pengumpulan data NAPIC ,   |d 2014 17 -22 Mac   |c INSPEN, Bangi 
245 0 0 |a Kursus kerja awalan pengumpulan data NAPIC :   |b 17 - 21 Mac 2014   |c Anjuran Pusat Pengurusan dan Teknologi Maklumat, INSPEN 
260 |a Bangi :   |b Institut Penilaian Negara ,   |c 2014 
300 |a 1v. ( Various pagings ) :   |b ill ;   |c 30 cm. 
650 0 |a Data processing 
650 0 |a Interrelated data   |x Data processing 
710 1 |a INSPEN ( Institut Penilaian Negara ) 
856 |u http://app.inspen.gov.my:7779/pls/portal/docs/PAGE/CORPORATEPAGES/PORTAL_INSPEN/NOTA_KURSUS/VO/KURSUS%20KERJA%20AWALAN%20PENGUMPULAN%20DATA%20NAPIC_0.PDF 
999 |a VO00000714   |b BOOK   |c Course Notes   |e Default branch 
999 |a VO00000715   |b BOOK   |c Course Notes   |e Default branch 
999 |a VO00000716   |b BOOK   |c Course Notes   |e Default branch